| 000 | 00793cab a2200169 4500 | ||
|---|---|---|---|
| 001 | ##L133871 | ||
| 008 | 060614n2006 000 0 eng u | ||
| 035 | _a(Sirsi) u133871 | ||
| 041 | 0 | _aeng | |
| 245 | 0 | 0 | _aCorporations look closer to home for expansion space |
| 260 | _c2006 | ||
| 490 | 0 |
_aEuroProperty _vJune 2006, 14-15(2) |
|
| 520 | _aDiscusses the results of the "EuroProperty"/Nelson Bakewell occupier sentiment survey 2006, and compares the figures with the 2005 survey. Occupiers have reduced the amount of vacant space in portfolios, and the proportion seeking space has risen. The trend for offshoring and nearshoring operations is diminishing. Graphs. | ||
| 590 | _aIKA200606 | ||
| 690 | _aPROPERTY-COMMERCIAL PROPERTY-CORPORATE REAL ESTATE-CORPORATE OCCUPIERS | ||
| 942 | _n0 | ||
| 999 |
_c77238 _d77238 |
||